000 01952nam a22002657a 4500
003 Uzh_bibl
008 260515b |||||||| |||| 00| 0 ukr d
020 _a978-617-12-0857-5
_c90.00
040 _bукр.
041 _2eng
_aukr
080 _a821(73)
090 _a821(73)
_bК 38
100 _aКіз,Деніел
245 _aТаємнича історія Біллі Міллігана
_cпер. з англ. О. Стусенко.
_hТекст
260 _aХарків
_bКнижковий Клуб "Клуб Сімейного Дозвілля"
_c2019
300 _a512 с.
_fВ опр.
490 _v3-тє вид.
520 _aЦього ранку він прокинувся від того, що лягаві вдерлися в будинок і звинуватили у зґвалтуванні трьох жінок. Але він упевнений, що не робив цього! Принаймні не пам’ятає. Але чому? Можливо, якась із двадцяти трьох особистостей, що мешкали у його свідомості, замовчувала цей факт? Психіатри ще не стикалися з такою хворобою. Чи скоїв Мілліган усі ці злочини, чи він талановитий актор, який пошив усю Америку в дурні? Таємнича історія заснована на реальних подіях. Деніел Кіз особисто спілкувався з Біллі, а також з усіма, хто був причетний до цієї справи.
521 _aДля широкого кола читачів
546 _aукр.
650 _aЛітературно-художнє видання
653 _aЗлочини
_aДивна історія
_aСвідомість людини
655 _aПроза
_vРоман
942 _2udc
_cBK
999 _c17773
_d17773